Statistiques concernant Pokémon-Descriptions de villes

Cliquez ici pour prendre le quiz!

Statistiques générales

  • Ce quiz a été pris 27 fois
  • Le résultat moyen est 7 sur 16

Statistiques - réponses

Jeu+Description du panneauLieu% Correct
Blanche, C'est une forêt, et elle est blanche!Forêt Blanche
79%
Saphir, Ville fleurie aux mille couleurs, où se dresse le siège la Ligue PokémonEternara
67%
Rubis, Une ville mystérieuse où sommeille l'histoireAtalanopolis
63%
Perle, Marche à l'énergie solaireRivamar
58%
Platine, Pour se reposer et s'amuserAire de Détente
54%
Or, Une ville bien historique où le Passé et le Présent se recontrentRosalia
54%
Jaune, Là où le commerce est roiSafrania
54%
X, Une ville plus glaciale que l'hiver lui-mêmeAufffrac-les-Congères
50%
Bleu, Un monde de couleurs s'ouvre à vousBourg Palette
46%
Noire 2, Métaux lourds et heavy métalOndes-sur-Mer
42%
Argent, Un port entouré d'une mer bien déchaînéeIrisia
38%
Bouclier, Ville d'agriculteurs de génération en génration, où habitants
et Pokémon vivent en harmonie
Paddoxton
33%
Lune, Les vestiges d'un village qui aurait été détruit après que les
habitants eurent provoqué la colère des Pokémon Tutélaires
Village Toko
33%
Y, La ville de l'éveilYantreizh
33%
Epée, La ville à l'architecture ancienne construite autour d'une source thermaleLudester
29%
Soleil, Une ville fondée avec les Pokémon, pour les Pokémon Ohana
13%

Distribution des résultats

Percentile par nombre de réponses

% des personnes avec chaque résultat

Votre développement - résultats

Vous n’avez pas pris ce quiz